skbl

Dr Suryya Kumar Bhuyan Library Web-OPAC
ডঃ সূৰ্য্য
কুমাৰ ভূঞা পুথিভঁৰাল ৱেব-অ'পেক

All Research Scholars are advised to clear the annual library fees to continue using Library Resources, Remote Access, Plagiarism Test and Library Clearance.

Cotton University Book Fair 2026

Dwijendra Rachanawali / (Record no. 1680)

MARC details
000 -LEADER
fixed length control field 00672nam a2200265Ia 4500
001 - CONTROL NUMBER
control field 1684
005 - DATE AND TIME OF LATEST TRANSACTION
control field 20240113233511.0
007 - PHYSICAL DESCRIPTION FIXED FIELD--GENERAL INFORMATION
fixed length control field ta
008 - FIXED-LENGTH DATA ELEMENTS--GENERAL INFORMATION
fixed length control field 141028s1992 ii g b000 u 346 u
040 ## - CATALOGING SOURCE
Original cataloging agency Cotton College Assam
041 ## - LANGUAGE CODE
Language code of text/sound track or separate title ben
082 ## - DEWEY DECIMAL CLASSIFICATION NUMBER
Classification number 891.4408
Item number Ra 13 Dw
100 ## - MAIN ENTRY--PERSONAL NAME
Personal name Ray, Rathindranath.
245 #0 - TITLE STATEMENT
Title Dwijendra Rachanawali /
Statement of responsibility, etc. Rabindranath Ray.
Medium Textual Documents
260 ## - PUBLICATION, DISTRIBUTION, ETC.
Place of publication, distribution, etc. Calcutta :
Name of publisher, distributor, etc. Sahitya Sanshad ,
Date of publication, distribution, etc. 1992.
300 ## - PHYSICAL DESCRIPTION
Extent 679p. ;
Dimensions 22cm..
500 ## - GENERAL NOTE
General note it has two volumes
653 ## - INDEX TERM--UNCONTROLLED
Uncontrolled term Bangali Essey
942 ## - ADDED ENTRY ELEMENTS (KOHA)
Source of classification or shelving scheme Dewey Decimal Classification
Koha item type Books
Holdings
Withdrawn status Lost status Damaged status Not for loan Home library Current library Date acquired Coded location qualifier Total checkouts Full call number Barcode Date last seen Copy number Price effective from Koha item type Shelving location
        Dr. Suryya Kumar Bhuyan Library Dr. Suryya Kumar Bhuyan Library 01/02/2012 00000   891.4408 Ra 13 Dw 491 13/01/2024 1 01/02/2012 Books  
        Dr. Suryya Kumar Bhuyan Library Dr. Suryya Kumar Bhuyan Library 01/02/2012 00000   891.4408 Ra 13 Dw 418/Ben 13/01/2024 4 01/02/2012 Books  
        Dr. Suryya Kumar Bhuyan Library Dr. Suryya Kumar Bhuyan Library 01/02/2012 00000   891.4408 Ra 13 Dw 420 13/01/2024 2 01/02/2012 Books  
        Dr. Suryya Kumar Bhuyan Library Dr. Suryya Kumar Bhuyan Library 01/02/2012 00000   891.4408 Ra 13 Dw 421/Beng 13/01/2024 3 01/02/2012 Books  

Designed and Maintained by Team SKBL
©1901-2026

Powered by Koha